1 in 4 construction sites fail safety inspections (Record no. 82362)

MARC details
000 -LEADER
fixed length control field 01012cad a22002175a 4500
001 - CONTROL NUMBER
control field E150028
008 - FIXED-LENGTH DATA ELEMENTS--GENERAL INFORMATION
fixed length control field 100525e20100401xxk f f000 0 eng d
035 ## - SYSTEM CONTROL NUMBER
System control number (Sirsi) u150028
041 0# - LANGUAGE CODE
Language code of text/sound track or separate title eng
110 1# - MAIN ENTRY--CORPORATE NAME
Corporate name or jurisdiction name as entry element Great Britain
Subordinate unit Health and Safety Executive
245 00 - TITLE STATEMENT
Title 1 in 4 construction sites fail safety inspections
Medium [electronic resource]
260 ## - PUBLICATION, DISTRIBUTION, ETC.
Date of publication, distribution, etc. 2010
490 ## - SERIES STATEMENT
Series statement HSE Press Release
Volume/sequential designation 1 April 2010
520 ## - SUMMARY, ETC.
Summary, etc. Reports that almost a quarter of construction sites visited by the Health and Safety Executive during March failed safety checks. 2014 sites were visited in total, with 691 enforcement notices being issued at 470 sites, mainly relating to unsafe working at height. Work was ordered to be stopped immediately in 359 cases.
590 ## - LOCAL NOTE (RLIN)
Local note KA
651 #4 - SUBJECT ADDED ENTRY--GEOGRAPHIC NAME
Geographic name Great Britain
Chronological subdivision 1707-
690 ## - LOCAL SUBJECT ADDED ENTRY--TOPICAL TERM (OCLC, RLIN)
Topical term or geographic name as entry element Health and safety
9 (RLIN) 6244
690 ## - LOCAL SUBJECT ADDED ENTRY--TOPICAL TERM (OCLC, RLIN)
Topical term or geographic name as entry element BUILT ENVIRONMENT
856 40 - ELECTRONIC LOCATION AND ACCESS
Uniform Resource Identifier <a href="https://www.hse.gov.uk/press/2010/hse-constructionresults.htm">https://www.hse.gov.uk/press/2010/hse-constructionresults.htm</a>
Public note View the item free of charge at www.hse.gov.uk...
942 ## - ADDED ENTRY ELEMENTS (KOHA)
Suppress in OPAC 0
Holdings
Withdrawn status Lost status Source of classification or shelving scheme Damaged status Not for loan Home library Current library Shelving location Date acquired Total Checkouts Full call number Barcode Date last seen Copy number Price effective from Koha item type
    Dewey Decimal Classification     Virtual Virtual Online 25/05/2010   ONLINE PUBLICATION 150028-2001 06/08/2019 1 06/08/2019 Journal article